000 00710nam a2200229 i 4500
001 37900
003 ES-MaACL
005 20230906155648.0
007 t|
008 030224s1981 sp af |||| | spa d
245 0 0 _aBurgos
_b: cruce de caminos, pulso de España /
_c[dirección, Manuel de Heredia].
260 _aMadrid :
_bNovum,
_c[1981]
300 _a298 p., 74 lám. :
_bil. col. ;
_c33 cm.
490 1 _aTemas españoles
546 _aTextos en español e inglés.
651 4 _aBurgos-
_vObras ilustradas.
_9163136
651 4 _aBurgos-
_xDescripción.
_9151211
700 1 _aHeredia, Manuel de.
_962690
830 0 _aTemas españoles
_9178712
852 _aES-MaACL
_jL-4513
999 _c37900
_d37900